Dobrovoľní platitelia poistného na sociálne poistenie s príkladmi
Princíp dobrovoľnosti a univerzality u zákona č. 461/2003 Z.z. o sociálnom poistení. Vznik a zánik nemocenského, dôchodkového poistenia a poistenia v nezamestnanosti. Vymeriavací základ. Vylúčenie povinnosti platiť poistné dobrovoľne poistenej osoby. Splatnosť poistného. Nemocenské dávky. Nepriazniv...
Gespeichert in:
| 1. Verfasser: | |
|---|---|
| Format: | Buchkapitel |
| Sprache: | Slowakisch |
| Schlagworte: | |
| Tags: |
Keine Tags, Fügen Sie das erste Tag hinzu!
|
MARC
| LEADER | 00000naa$a2200000$$$4500 | ||
|---|---|---|---|
| 001 | 0020810 | ||
| 005 | 20231106070434.3 | ||
| 041 | 0 | |a slo | |
| 044 | |a SK | ||
| 245 | 1 | 0 | |a Dobrovoľní platitelia poistného na sociálne poistenie s príkladmi |c Zuzana Macková |
| 520 | |a Princíp dobrovoľnosti a univerzality u zákona č. 461/2003 Z.z. o sociálnom poistení. Vznik a zánik nemocenského, dôchodkového poistenia a poistenia v nezamestnanosti. Vymeriavací základ. Vylúčenie povinnosti platiť poistné dobrovoľne poistenej osoby. Splatnosť poistného. Nemocenské dávky. Nepriaznivé dôsledky neplatenia poistného zo strany štátu v prípade žiakov SŠ a študentov VŠ. | ||
| 610 | 2 | 0 | |a poistenie sociálne |
| 610 | 2 | 0 | |a poistenie dobrovoľné |
| 610 | 2 | 0 | |a poistenie dôchodkové |
| 610 | 2 | 0 | |a poistenie nemocenské |
| 610 | 2 | 0 | |a poistenie v nezamestnanosti |
| 610 | 2 | 0 | |a poistné |
| 610 | 2 | 0 | |a základ vymeriavací |
| 610 | 2 | 0 | |a dávky poistenia nemocenského |
| 100 | 1 | |a Macková, Zuzana | |